| 000 | 00861nam a2200313Ia 4500 | ||
|---|---|---|---|
| 001 | 4645 | ||
| 005 | 20240113233750.0 | ||
| 007 | ta | ||
| 008 | 050614s1987 a g b000 u asm u | ||
| 020 | _cHB | ||
| 040 | _aCotton College,Assam | ||
| 041 | _aasm | ||
| 082 |
_a891.4182 _bGo 69 En |
||
| 100 | _aGoswami, Troilakyanath. | ||
| 245 | 0 |
_aEngraji Samalochanar Dhara Aru Asamiya Sahityat Iyar Prabhab / _cTroilakyanath Goswami. _hTextual Documents |
|
| 250 | _a2nd ed. / | ||
| 260 |
_aDibrugarh : _bStudents Emporium , _c1987. |
||
| 300 |
_a69p. : _bill. ; _c21cm . |
||
| 653 | _aAssamese Litrrature-Criticism | ||
| 653 | _aAssamese Essays-Criticism | ||
| 653 | _aPG-Assamese | ||
| 653 | _aMS-Assamese | ||
| 653 | _aG-Assamese | ||
| 942 |
_2ddc _cBK |
||
| 999 |
_c4632 _d4632 |
||